South Eastern Kenya University

Library Online Public Access Catalogue


Principles of organometallic chemistry / (Record no. 2249)

MARC details
000 -LEADER
fixed length control field 00529pam a2200169 a 4500
020 ## - ISBN
International Standard Book Number 0412275805
020 ## - ISBN
International Standard Book Number 0412275902 (pbk.)
050 00 - LIBRARY OF CONGRESS CALL NUMBER
Classification Number QD411
Item Number .P64 1988
100 1# - MAIN ENTRY--Author
Personal name Powell, P.
Dates associated with a name 1936-
245 10 - TITLE
Title Principles of organometallic chemistry /
Statement of responsibility, etc P. Powell.
250 ## - EDITIONSTATEMENT
Edition statement 2nd ed.
260 ## - PUBLICATION, DISTRIBUTION, ETC.(IMPRINT)
Place of publication, distribution, etc London ;
-- New York :
Name of publisher, distributor, etc Chapman and Hall,
Date of publication, distribution, etc 1988.
300 ## - PHYSICAL DESCRIPTION
Extent xv, 414 p. :
500 ## - GENERALNOTE
General note Rev. ed. of: Principles of organometallic chemistry / G.E. Coates ... [et al.]. 1968.
650 #0 - SUBJECT--TOPIC
General subdivision organometallic chemistry
942 ## - ADDED ENTRY ELEMENTS(KOHA)
Koha item type General circulation
Holdings
Source of classification or shelving scheme Not for loan Location (home branch) Sublocation (holding branch) Date accessioned Cost, normal purchase price Full call number Barcode Cost, replacement price Koha item type
Library of Congress Classification   Main Campus Library Main Campus Library 28/08/2014 6336.00 QD411 .P64 1988 2016/012187 6336.00 General circulation
Kitui, Kenya.
+254736116989
library@seku.ac.ke